Pokémon - Personnages de la 6g - Statistiques

Statistiques générales
  • Ce quiz a été pris 155 fois
  • Le résultat moyen est 24 sur 42
Statistiques - réponses
Par images Réponse % Correct
Serena
98%
Dianthéa
92%
Lem
92%
Cornélia
86%
Kalem
86%
Professeur Platane
86%
Lysandre
85%
A.Z.
81%
Trovato
80%
Clem
76%
Malva
76%
Tierno
76%
Urup
76%
Violette
76%
Lino
73%
Narcisse
71%
Dracéna
69%
Sannah
69%
Valériane
69%
Amaro
68%
Amaryllis
66%
Dexio
66%
Thyméo
66%
Astéra
59%
Atalante
56%
Xanthin
56%
Sina
54%
Myosotis
39%
Cornélius
37%
Alexia
34%
Ancolie
31%
Brasénie
31%
Cyane
31%
Milie
31%
Millepertuis
29%
Nix
29%
Aurore
27%
Primula
24%
Vesper
20%
Pierce Hanlov
19%
Méridia
17%
Olivier
17%
Aucun quiz correspondant
Distribution des résultats
% des personnes avec chaque résultat
Percentile par nombre de réponses
Votre historique - résultats
Vous n’avez pas pris ce quiz